000 00680nam a2200241Ia 4500
003 OSt
005 20220918201952.0
006 a|||||r|||| 00| 0
007 ta
008 220917b |||||||| |||| 00| 0 eng d
024 _a97,798
037 _cTextual
040 _aARTS
_cARTS
_beng
041 _2eng
_aeng
082 _aV2:2:N2, G01
100 _aGhose Akshaya K
_9101548
245 0 _aPublic administration in India
_b historical structural and functional
260 _aNA
_bNA
_c1930
490 _aUniversity of Calcutta Extension Lectures
650 _aHISTORY
942 _hV2:2:N2, G01
_cTEXL
_2CC
999 _c221392
_d221392